[Event "World Amateur-ch U1700"]
[Site "Muscat"]
[Date "2023.11.05"]
[Round "4.1"]
[White "Deepak, Batra"]
[Black "Parva, B Thakkar"]
[Result "1-0"]
[WhiteElo "1672"]
[BlackElo "1629"]
[PlyCount "113"]
[EventDate "2023.11.02"]
[EventType "swiss"]
[EventRounds "9"]
[EventCountry "OMN"]
[SourceTitle "CB46_2023"]
[SourceDate "2023.11.15"]
[SourceVersion "1"]
[SourceVersionDate "2023.11.15"]
[SourceQuality "1"]

1. d4 Nf6 2. Nf3 g6 3. c4 Bg7 4. Nc3 0-0 5. e4 d6 6. Be2 e5 7. Be3 Nc6 8. d5 Ne7 9. Nd2 Nd7 10. b4 f5 11. f3 f4 12. Bf2 b6 13. Nb3 g5 14. c5 Ng6 15. Qc2 Nf6 16. cxd6 cxd6 17. Nb5 Ne8 18. 0-0-0 Rf7 19. Kb1 Bb7 20. Rc1 a6 21. Na3 b5 22. Na5 Rc7 23. Qd2 Rac8 24. Rxc7 Qxc7 25. Rc1 Qd7 26. Nc2 Bf6 27. Na1 Bd8 28. N1b3 Ne7 29. g3 Rxc1+ 30. Qxc1 Ng6 31. Qg1 Ba8 32. Bb6 Bf6 33. Qc1 Bd8 34. Bxd8 Qxd8 35. Qg1 fxg3 36. hxg3 Qc7 37. Qe3 h6 38. Bf1 Bb7 39. Nxb7 Qxb7 40. Bh3 Qc7 41. Na5 Ng7 42. Nc6 Kf7 43. Bg4 Ne7 44. Qc1 Qb6 45. f4 h5 46. fxe5 dxe5 47. Nxe5+ Kg8 48. Nc6 Nxc6 49. dxc6 Qd4 50. Bd1 Qxe4+ 51. Bc2 Qxb4+ 52. Bb3+ Kh7 53. c7 Qe4+ 54. Bc2 Qxc2+ 55. Qxc2+ Kh6 56. c8Q h4 57. Qh8# 1-0

[Event "IND-ch U15 47th"]
[Site "New Delhi"]
[Date "2022.12.03"]
[Round "9"]
[White "Parva, B Thakkar"]
[Black "Madhvendra, Pratap Sharma"]
[Result "1/2-1/2"]
[WhiteElo "1471"]
[BlackElo "1634"]
[PlyCount "60"]
[EventDate "2022.11.28"]
[EventType "swiss"]
[EventRounds "11"]
[EventCountry "IND"]
[SourceTitle "CBM 211 Extra"]
[Source "ChessBase"]
[SourceDate "2023.01.31"]
[SourceVersion "1"]
[SourceVersionDate "2023.01.31"]
[SourceQuality "1"]

1. d4 Nf6 2. c4 g6 3. Nc3 Bg7 4. Nf3 0-0 5. Bg5 d6 6. e3 Nbd7 7. Be2 c6 8. 0-0 Qc7 9. Qc2 a6 10. Nd2 h6 11. Bh4 e5 12. dxe5 dxe5 13. Bg3 Ne8 14. h3 f5 15. Bh2 a5 16. a3 b6 17. b4 Bb7 18. Nb3 axb4 19. axb4 Nef6 20. Bf3 Nh7 21. Rfd1 Ng5 22. Be2 Nf6 23. c5 b5 24. Rd6 Rxa1+ 25. Nxa1 Nf7 26. Rd1 Bc8 27. Nb3 Ng5 28. Rd6 Nf7 29. Rd1 Ng5 30. Rd6 Nf7 1/2-1/2

[Event "IND-ch U15 47th"]
[Site "New Delhi"]
[Date "2022.11.30"]
[Round "4"]
[White "Shankhodip, De"]
[Black "Parva, B Thakkar"]
[Result "1-0"]
[WhiteElo "1758"]
[BlackElo "1471"]
[PlyCount "141"]
[EventDate "2022.11.28"]
[EventType "swiss"]
[EventRounds "11"]
[EventCountry "IND"]
[SourceTitle "CBM 211 Extra"]
[Source "ChessBase"]
[SourceDate "2023.01.31"]
[SourceVersion "1"]
[SourceVersionDate "2023.01.31"]
[SourceQuality "1"]

1. d4 Nf6 2. c4 g6 3. g3 Bg7 4. Bg2 0-0 5. Nc3 d6 6. Nf3 Nbd7 7. 0-0 e5 8. e4 exd4 9. Nxd4 Re8 10. h3 Nc5 11. Re1 Bd7 12. Bf4 h6 13. Qc2 Nfxe4 14. Nxe4 Bxd4 15. Rad1 Bg7 16. Nxc5 Rxe1+ 17. Rxe1 dxc5 18. Bxb7 Rb8 19. Bd5 Bxh3 20. Qa4 Qf6 21. Re8+ Rxe8 22. Qxe8+ Bf8 23. Bxc7 Qe7 24. Qxe7 Bxe7 25. Bb7 Kf8 26. Ba6 Ke8 27. Bb8 Kd7 28. Bxa7 Kc7 29. a4 Bc8 30. Bxc8 Kxc8 31. Bb6 Kb7 32. Ba5 Bf6 33. b3 h5 34. Kg2 h4 35. gxh4 Bxh4 36. f4 Be7 37. Kf3 f5 38. Kg3 Kc6 39. Bc3 Kb6 40. Be5 Ka5 41. Bc7+ Ka6 42. Kf3 Kb7 43. Be5 Ka6 44. Ke3 Kb6 45. Kd3 Ka6 46. Kc3 Kb6 47. Kb2 Ka6 48. Ka3 Kb6 49. Bc3 Bd6 50. Bd2 Ka6 51. a5 Bc7 52. Ka4 Bd6 53. Be3 Be7 54. b4 cxb4 55. c5 b3 56. Kxb3 Kb5 57. a6 Kxa6 58. Kc4 Kb7 59. Kd5 Bd8 60. Kd6 Ba5 61. Kd7 Bc7 62. c6+ Kb8 63. Ba7+ Kxa7 64. Kxc7 g5 65. Kd7 gxf4 66. c7 f3 67. c8Q f2 68. Qc5+ Ka8 69. Kc7 f1Q 70. Qa5+ Qa6 71. Qxa6# 1-0